00453nam a2200109Ia 4500008004100000100002100041245013300062260004600195300002000241650001300261856006900274160712s9999 xx 000 0 und d aBarrios, John E. cJohn E. Barriosa“Pataasan ng Ihi” Bilang Pangangatwiran: Politikal na Diskurso ng Taumbayan sa mga Kuwentong Bayan ng Aklan c2012bDaluyan: Journal ng Wikang Filipino avol. 18 no. 1-2 xFILIPINO uhttp://journals.upd.edu.ph/index.php/djwf/issue/view/340/showToc